| 000 | 01856nam a22003137a 4500 | ||
|---|---|---|---|
| 001 | 4600 | ||
| 003 | FISKH | ||
| 005 | 20251212153406.0 | ||
| 008 | 240917b cb ||||| |||| 00| 0 eng d | ||
| 020 | _a9789996389337 | ||
| 040 |
_aFISKH _bKhmer _cFISKH _dFISKH |
||
| 050 | _aPZ7 | ||
| 082 | _a800 | ||
| 100 |
_aAnonymous _eauthor |
||
| 245 |
_aដំរីកំហូច / _cby Anonymous |
||
| 250 | _aបោះពុម្ពឆ្នាំ២០១៥ | ||
| 260 |
_aភ្នំពេញ : _bអផ្សុក ; _c២០១៥ . |
||
| 300 |
_a12 pages : _bcolor illustrations ; _c22 cm . |
||
| 490 | _aនិទានអប់រំសម្រាប់កុមារ | ||
| 505 | _aF | ||
| 520 | _aនៅក្នុងព្រៃហិមពាន្តមានស្តេចដំរីមួយគ្រប់គ្រងហ្វូងដំរី៨មុីនក្បាល៕ តែក្នុងនោះក៏មានដំរីអន្ធពាលមួយក្បាលបានជាន់សម្បុកចាប ធ្វើអោយចាបខឺងក៏ហើរទៅពីងក្អែក រុយក្បាលខៀវ និងកង្កែបអោយជួយសងសឺកដោយធ្លាក់ពីលើជ្រោះ។ | ||
| 520 | _aIn the Himalayas, there is an elephant king who controls a herd of 8,000 elephants. But there was also a vicious elephant that stepped on a bird's nest, causing the sparrow to fly to the crow, the crow, the blue-headed fly and the frog to help pay off by falling from the waterfall. | ||
| 521 | 8 |
_a300
_bLexile estimate |
|
| 521 | 8 |
_aF
_bRaz-Plus |
|
| 650 |
_aហ្វូងដំរី _vរឿងនិទានកុមារ |
||
| 650 |
_aelephants _vchildren's book |
||
| 942 |
_2ddc _cKHB _n0 |
||
| 999 |
_c4600 _d4600 |
||